000 00656nam a2200217Ii 4500
001 14310
003 CO-ViMGA
008 241108s9999||||xx |||||||||||||| ||und||
020 _a9586354652
040 _aCO-ViMGA
_bspa
_erda
_cCO-ViMGA
041 0 _aspa
082 0 4 _a350.91 L36a
100 1 _aEdgar Arturo León Benavides
_946197
245 1 0 _aAcción de repetición:
_bLey 678 de 2001; comentarios y concordancias
264 1 _aBogotá, Colombia : ABC, 2003
300 _avolumen
336 _atext
_btxt
_2rdacontent
337 _aunmediated
_bn
_2rdamedia
338 _avolume
_bnc
_2rdacarrier
940 _aidficha_siabuc: 14007. -- ficha_no_siabuc:14310
999 _c40753
_d40753